000 00400cam a2200157ua 4500
003 OSt
008 250325b |||||||| |||| 00| 0 eng d
041 _aeng
082 _a621.9
_bTHO/PO
100 _aThorntop Jones, G .
_97328
245 _aPortable power tools and equipments /
250 _a1 /
260 _aLondon :
_bCrosby Lovekwood and son ltd ,
_c1949.
300 _a187 ; .
942 _cBK
999 _c5636
_d5636